[Event "4NCL-9899B IK2-BIG2"]
[Site "Rd11-Birmingham"]
[Date "1999.05.03"]
[Round "11.5"]
[White "Stille, Alex"]
[Black "Richardson, Alex"]
[Result "0-1"]
[WhiteElo "1872"]
[BlackElo "2130"]
[PlyCount "58"]
[EventDate "1999.05.03"]

1. e4 c5 2. c3 Nf6 3. e5 Nd5 4. d4 cxd4 5. Nf3 b6 6. cxd4 e6 7. Nc3 Nxc3 8.
bxc3 Qc7 9. Bd2 d6 10. Bd3 Be7 11. O-O Nd7 12. Bf4 Bb7 13. Re1 O-O 14. Qc2 g6
15. exd6 Bxd6 16. Bxd6 Qxd6 17. Qe2 Rac8 18. Rac1 Qf4 19. Nd2 Nf6 20. f3 Nd5
21. Ne4 Nxc3 22. Nxc3 Rxc3 23. Rxc3 Qxd4+ 24. Kf1 Qxc3 25. Rd1 Bd5 26. Ba6 Rd8
27. Rd2 Qc1+ 28. Kf2 Qc5+ 29. Kf1 Qd6 0-1

[Event "4NCL-9899B IK2-BIG2"]
[Site "Rd11-Birmingham"]
[Date "1999.05.03"]
[Round "11.6"]
[White "Bourne, James"]
[Black "Richards, Paul"]
[Result "1-0"]
[WhiteElo "2085"]
[BlackElo "1528"]
[PlyCount "99"]
[EventDate "1999.05.03"]

1. d4 d5 2. c4 e6 3. Nc3 c6 4. e3 f5 5. Bd3 Nf6 6. Nge2 Bd6 7. Qc2 Ne4 8. Ng3
O-O 9. Nce2 Bb4+ 10. Kf1 Bd6 11. f3 Nxg3+ 12. hxg3 h6 13. Bd2 Qf6 14. Bc3 Qg5
15. Kf2 Nd7 16. Rh3 Nf6 17. Nf4 Nh7 18. Rah1 Qf6 19. Ke2 Ng5 20. R3h2 Bd7 21.
Kd1 Rac8 22. Rh4 b5 23. c5 Bc7 24. e4 a5 25. e5 Qf7 26. g4 Bd8 27. R4h2 Be8 28.
gxf5 exf5 29. Be1 Ne6 30. Nxe6 Qxe6 31. Bd2 f4 32. Be1 Bd7 33. Bh4 Bxh4 34.
Rxh4 Rc7 35. Qd2 Qf7 36. Qxa5 Be6 37. Qd2 Ra7 38. Bb1 Ra4 39. b3 Ra7 40. Kc1
Bc8 41. Kb2 Ra8 42. Rh5 Qa7 43. Qd3 g6 44. Qxg6+ Qg7 45. Rxh6 Qxg6 46. Rxg6+
Kf7 47. Rf6+ Ke7 48. Rh7+ Ke8 49. Bg6+ Kd8 50. Rxf8# 1-0

[Event "4NCL-9899B IK2-BIG2"]
[Site "Rd11-Birmingham"]
[Date "1999.05.03"]
[Round "11.7"]
[White "Howell, David"]
[Black "Crombleholme, Alan"]
[Result "1/2-1/2"]
[WhiteElo "1432"]
[BlackElo "2065"]
[PlyCount "66"]
[EventDate "1999.05.03"]

1. e4 c5 2. c3 d5 3. exd5 Qxd5 4. d4 Nf6 5. Nf3 e6 6. Be2 cxd4 7. cxd4 Nc6 8.
O-O Be7 9. Nc3 Qd8 10. Be3 O-O 11. Qb3 b6 12. Ne5 Bb7 13. Bf3 Na5 14. Qd1 Nd5
15. Nxd5 Bxd5 16. Bxd5 Qxd5 17. Qf3 Qxf3 18. Nxf3 Nc4 19. b3 Nxe3 20. fxe3 Rac8
21. Rfc1 Ba3 22. Rxc8 Rxc8 23. Rd1 Bc1 24. Rd3 Rc2 25. a4 f6 26. e4 Kf7 27. d5
e5 28. Kf1 Ba3 29. Ne1 Rc1 30. Ke2 Bb4 31. Rd1 Rc3 32. Rd3 Rc1 33. Rd1 Rc3
1/2-1/2

[Event "4NCL-9899B IK2-BIG2"]
[Site "Rd11-Birmingham"]
[Date "1999.05.03"]
[Round "11.8"]
[White "Bhatia, Kanwal"]
[Black "Richards, Susan"]
[Result "1-0"]
[WhiteElo "1864"]
[BlackElo "1184"]
[PlyCount "67"]
[EventDate "1999.05.03"]

1. e4 e5 2. Nf3 Nc6 3. c3 Nf6 4. d4 d6 5. Nbd2 exd4 6. cxd4 Nxe4 7. Nxe4 Qe7 8.
Qe2 Bg4 9. d5 Nd4 10. Nxd6+ cxd6 11. Qxe7+ Bxe7 12. Nxd4 O-O 13. Bd3 Bf6 14.
Nb5 Rfe8+ 15. Be3 Bxb2 16. Rb1 Rxe3+ 17. fxe3 Be5 18. O-O a6 19. Nc7 Ra7 20.
Nxa6 f6 21. Nb4 Bc3 22. Rf2 Ra4 23. Rf4 Bc8 24. Rc4 Bxb4 25. Rxc8+ Kf7 26. Rc4
Ra3 27. Bxh7 Bc5 28. Rxb7+ Kf8 29. Rb3 Rxa2 30. Re4 g5 31. Rb7 Ra8 32. Re6 Ra1+
33. Kf2 Ra2+ 34. Kg3 1-0

[Event "4NCL-9899B NID-BCCA"]
[Site "Rd11-Birmingham"]
[Date "1999.05.03"]
[Round "11.1"]
[White "Fish, Andrew"]
[Black "Toothill, John"]
[Result "1/2-1/2"]
[WhiteElo "2115"]
[BlackElo "2225"]
[PlyCount "56"]
[EventDate "1999.05.03"]

1. e4 e5 2. Nf3 Nc6 3. Bb5 a6 4. Ba4 Nf6 5. O-O Be7 6. Re1 b5 7. Bb3 d6 8. h3
O-O 9. c3 Nb8 10. a4 Bb7 11. d3 Nbd7 12. Nbd2 Nc5 13. Bc2 Nxa4 14. d4 Nd7 15.
Nf1 Bf6 16. Ne3 g6 17. Ng4 Bg7 18. Nh6+ Kh8 19. Bb3 Nxb2 20. Nxf7+ Rxf7 21.
Bxb2 Rf8 22. Qd2 Qf6 23. c4 exd4 24. Bxd4 Ne5 25. Nxe5 dxe5 26. Bc5 Rfd8 27.
Qb4 Qc6 28. Ra5 Bf8 1/2-1/2

[Event "4NCL-9899B NID-BCCA"]
[Site "Rd11-Birmingham"]
[Date "1999.05.03"]
[Round "11.2"]
[White "Gough, Michael"]
[Black "Oates, David"]
[Result "1/2-1/2"]
[WhiteElo "2160"]
[BlackElo "2180"]
[PlyCount "45"]
[EventDate "1999.05.03"]

1. d4 d5 2. Nf3 c5 3. c4 e6 4. cxd5 exd5 5. Nc3 Nc6 6. g3 Nf6 7. Bg2 Be7 8. O-O
O-O 9. dxc5 Bxc5 10. Bg5 d4 11. Bxf6 Qxf6 12. Nd5 Qd8 13. Nd2 Bh3 14. Bxh3 Qxd5
15. Bg2 Qf5 16. Rc1 Bb6 17. Nc4 Rad8 18. Qd3 Qe6 19. Rfd1 Rfe8 20. Rd2 Qf6 21.
Nxb6 axb6 22. Qf3 Qe6 23. b3 1/2-1/2

[Event "4NCL-9899B NID-BCCA"]
[Site "Rd11-Birmingham"]
[Date "1999.05.03"]
[Round "11.3"]
[White "Johnston, Dafydd"]
[Black "Hall, RVM."]
[Result "1-0"]
[WhiteElo "2175"]
[BlackElo "2120"]
[PlyCount "65"]
[EventDate "1999.05.03"]

1. e4 e6 2. d4 d5 3. Nc3 Bb4 4. e5 Ne7 5. a3 Bxc3+ 6. bxc3 c5 7. Nf3 Nbc6 8.
Be2 Qa5 9. Bd2 f6 10. c4 Qc7 11. cxd5 Nxd5 12. c4 Nde7 13. exf6 gxf6 14. d5
exd5 15. cxd5 Nxd5 16. O-O Be6 17. Qc2 b6 18. Qe4 Ne5 19. Nxe5 Qxe5 20. Bh5+
Kd8 21. Qh4 Kd7 22. Qa4+ Kd6 23. Bf3 Bd7 24. Qh4 Qd4 25. Qg3+ Qe5 26. Rad1 Qxg3
27. hxg3 Be6 28. Bf4+ Kc6 29. Rfe1 Bg8 30. Bh6 Bf7 31. Re7 Rad8 32. Rxf7 Rd6
33. Bxd5+ 1-0

[Event "4NCL-9899B NID-BCCA"]
[Site "Rd11-Birmingham"]
[Date "1999.05.03"]
[Round "11.4"]
[White "Donnelly, MJ."]
[Black "Bennett, Alan"]
[Result "1-0"]
[WhiteElo "2064"]
[BlackElo "2120"]
[PlyCount "51"]
[EventDate "1999.05.03"]

1. d4 d5 2. Nf3 Nf6 3. c4 e6 4. cxd5 exd5 5. Nc3 Bf5 6. Qb3 b6 7. Bg5 Be7 8.
Bxf6 Bxf6 9. Qxd5 Qxd5 10. Nxd5 Bd8 11. e3 O-O 12. Be2 Nd7 13. O-O c5 14. Rfd1
Be4 15. Nc3 Bb7 16. Rac1 Bf6 17. Nb5 Rab8 18. b3 a6 19. Nd6 Ba8 20. Bxa6 Bxf3
21. gxf3 cxd4 22. exd4 Ra8 23. Bb5 Rfd8 24. Nb7 Rdb8 25. Bxd7 Rxb7 26. Bc6 1-0

[Event "4NCL-9899B NID-BCCA"]
[Site "Rd11-Birmingham"]
[Date "1999.05.03"]
[Round "11.5"]
[White "Price, Chris"]
[Black "Hardman, Michael"]
[Result "1/2-1/2"]
[WhiteElo "2115"]
[BlackElo "1928"]
[PlyCount "99"]
[EventDate "1999.05.03"]

1. Nf3 d5 2. b3 Nf6 3. Bb2 e6 4. e3 Be7 5. d4 O-O 6. Bd3 Nbd7 7. Nbd2 Re8 8.
O-O Nf8 9. Ne5 Ng6 10. f4 c5 11. Ndf3 Ne4 12. Qe1 Nxe5 13. fxe5 b6 14. Rd1 Qc7
15. Nd2 Bb7 16. c4 Rf8 17. Qe2 f5 18. exf6 Nxf6 19. Nf3 Bd6 20. Qf2 Ne4 21. Qh4
Qe7 22. Qh3 Rae8 23. Bxe4 dxe4 24. Nd2 Qg5 25. Rxf8+ Bxf8 26. Nf1 Qf5 27. Qg3
Qg6 28. Qxg6 hxg6 29. dxc5 Bxc5 30. Rd7 Re7 31. Rd8+ Kf7 32. a3 Re8 33. Rd2 a5
34. Bd4 Bxd4 35. exd4 Ke7 36. Kf2 Rf8+ 37. Ke2 Rh8 38. Ke3 Ba6 39. Kxe4 a4 40.
bxa4 Bxc4 41. Ne3 Rh4+ 42. Kf3 Bb3 43. Rb2 Bxa4 44. Rxb6 Rxd4 45. Ra6 Bb3 46.
Ra7+ Kf6 47. Ng4+ Kg5 48. Ne3 Kf6 49. Ng4+ Kg5 50. Ne3 1/2-1/2

[Event "4NCL-9899B NID-BCCA"]
[Site "Rd11-Birmingham"]
[Date "1999.05.03"]
[Round "11.6"]
[White "Soszynski, Marek"]
[Black "Jones, Richard S"]
[Result "0-1"]
[WhiteElo "1680"]
[BlackElo "2095"]
[PlyCount "80"]
[EventDate "1999.05.03"]

1. d4 Nf6 2. c4 g6 3. Nc3 Bg7 4. e4 O-O 5. Nge2 d6 6. Ng3 Nc6 7. Be3 Ng4 8. Be2
Nxe3 9. fxe3 Nb8 10. h4 e6 11. Qd3 Bf6 12. O-O-O Bxh4 13. Nf1 Nd7 14. Nd2 Bf6
15. Rh2 Re8 16. Rdh1 Nf8 17. Nf3 a6 18. e5 dxe5 19. dxe5 Bg7 20. Qe4 Qe7 21.
Bd3 Rd8 22. Bc2 Bd7 23. Qf4 f6 24. Ne4 f5 25. Neg5 h6 26. Rxh6 Bxh6 27. Rxh6
Qg7 28. Qh2 c5 29. Rh3 Be8 30. Qf4 Bc6 31. e4 Re8 32. Nh4 Rad8 33. Qh2 Rd4 34.
Nxg6 Qxg6 35. Rg3 f4 36. Rg4 Re7 37. Rh4 Qxg5 38. Rh8+ Kf7 39. Rxf8+ Kxf8 40.
Qh8+ Kf7 0-1

[Event "4NCL-9899B NID-BCCA"]
[Site "Rd11-Birmingham"]
[Date "1999.05.03"]
[Round "11.8"]
[White "Clark, Maureen"]
[Black "Powell, Annie"]
[Result "1/2-1/2"]
[WhiteElo "1408"]
[BlackElo "1730"]
[PlyCount "86"]
[EventDate "1999.05.03"]

1. Nf3 Nf6 2. c4 e6 3. g3 b6 4. Bg2 Bb7 5. O-O c5 6. b3 Be7 7. Bb2 O-O 8. Nc3
d6 9. Qc2 Nc6 10. e3 Rc8 11. Rad1 a6 12. Qb1 Re8 13. Ng5 h6 14. Nge4 Nxe4 15.
Nxe4 d5 16. cxd5 exd5 17. Nc3 d4 18. Ne2 Bf6 19. Nf4 Ba8 20. Nd5 Ne5 21. Nxf6+
Qxf6 22. Bxa8 Rxa8 23. f4 Nc6 24. exd4 Nxd4 25. Rf2 Rad8 26. Qa1 Qf5 27. Bxd4
Rxd4 28. Qb1 Qd5 29. Re1 Rde4 30. Rxe4 Rxe4 31. Qd1 Qd4 32. Kf1 Qd5 33. Kg1 Qd4
34. Kf1 {(Draw offer)} Qd3+ 35. Kg1 Kf8 36. Qf1 Rd4 37. Qxd3 Rxd3 38. Kf1 Ke7
39. Ke2 Rd4 40. d3 Kd6 41. Kd2 Kc6 42. Re2 Rd7 43. Re4 Kb5 1/2-1/2

[Event "4NCL-9899B SL2-SWD"]
[Site "Rd11-Birmingham"]
[Date "1999.05.03"]
[Round "11.1"]
[White "Richmond, Robert"]
[Black "Zeidler, Sven"]
[Result "1-0"]
[WhiteElo "2112"]
[BlackElo "2222"]
[PlyCount "95"]
[EventDate "1999.05.03"]

1. d4 f5 2. c4 Nf6 3. g3 g6 4. Bg2 Bg7 5. Nc3 O-O 6. Nf3 d6 7. O-O c6 8. d5 e5
9. dxc6 bxc6 10. e4 Kh8 11. Re1 Be6 12. c5 Nxe4 13. Nxe4 fxe4 14. Ng5 Bd5 15.
cxd6 Qxd6 16. Nxe4 Qb4 17. a3 Qb6 18. Qe2 Nd7 19. Be3 Qb3 20. Rad1 Nb6 21. Rd3
Qb5 22. Nc3 Qc4 23. b3 Qa6 24. Nxd5 cxd5 25. Bxd5 Rac8 26. Bxb6 axb6 27. a4 Rc7
28. Bc4 Qc8 29. Qe4 Rc6 30. Red1 Rcf6 31. R1d2 Qc5 32. Rd5 Qa3 33. Rd8 Rxf2 34.
Rxf2 Rxd8 35. Kg2 Qc5 36. h4 Rf8 37. Rxf8+ Qxf8 38. h5 Qf5 39. Qa8+ Bf8 40.
hxg6 hxg6 41. Qd5 Qc2+ 42. Kf3 Qf5+ 43. Kg2 Qc2+ 44. Kh3 Kg7 45. Qf7+ Kh6 46.
Qxf8+ Kg5 47. Qe7+ Kh6 48. Qxe5 1-0

[Event "4NCL-9899B SL2-SWD"]
[Site "Rd11-Birmingham"]
[Date "1999.05.03"]
[Round "11.2"]
[White "Dineley, Richard"]
[Black "De Coverly, Roger"]
[Result "1-0"]
[WhiteElo "2265"]
[BlackElo "2110"]
[PlyCount "55"]
[EventDate "1999.05.03"]

1. e4 e5 2. Nf3 Nc6 3. d4 exd4 4. Nxd4 d6 5. Nc3 Nf6 6. Bb5 Bd7 7. Bg5 Be7 8.
Bxc6 bxc6 9. Qd3 O-O 10. O-O Ng4 11. Bxe7 Qxe7 12. f4 Rab8 13. b3 Qh4 14. Nf3
Qh5 15. h3 Qc5+ 16. Nd4 Rb4 17. Rad1 Nf6 18. Kh1 Qh5 19. Nf3 d5 20. exd5 Bf5
21. Qd2 cxd5 22. Nxd5 Nxd5 23. c4 Bxh3 24. gxh3 Qxh3+ 25. Nh2 Nxf4 26. Qxf4 Rb6
27. Qxc7 Rh6 28. Qxf7+ 1-0

[Event "4NCL-9899B SL2-SWD"]
[Site "Rd11-Birmingham"]
[Date "1999.05.03"]
[Round "11.3"]
[White "O'Brien, Richard"]
[Black "Richmond, Peter"]
[Result "1/2-1/2"]
[WhiteElo "2085"]
[BlackElo "2190"]
[PlyCount "24"]
[EventDate "1999.05.03"]

1. d4 d5 2. Nf3 e6 3. g3 c5 4. Bg2 Nc6 5. O-O cxd4 6. Nxd4 Bc5 7. Nb3 Bb6 8. e4
dxe4 9. Qxd8+ Nxd8 10. Bxe4 Nf6 11. Bg2 Bd7 12. Na3 Rc8 1/2-1/2

[Event "4NCL-9899B SL2-SWD"]
[Site "Rd11-Birmingham"]
[Date "1999.05.03"]
[Round "11.4"]
[White "Saunders, John"]
[Black "Wells, Noemi"]
[Result "1/2-1/2"]
[WhiteElo "2204"]
[BlackElo "2150"]
[PlyCount "75"]
[EventDate "1999.05.03"]

1. e4 c5 2. c3 d5 3. exd5 Qxd5 4. d4 Nc6 5. Nf3 Bg4 6. Be2 e6 7. O-O Nf6 8. Be3
cxd4 9. Nxd4 Bxe2 10. Qxe2 Nxd4 11. Bxd4 Be7 12. Nd2 O-O 13. Rfe1 Rfd8 14. Nf3
Bc5 15. c4 Qd6 16. Rad1 Qb6 17. Bxc5 Qxc5 18. Ne5 a5 19. h3 h6 20. g4 Rxd1 21.
Rxd1 Qc7 22. Rd4 Rd8 23. Qd3 Rxd4 24. Qxd4 Kf8 25. Kf1 Ke7 26. Ke2 b6 27. b3
Ne8 28. Nd3 Nf6 29. a3 Qc6 30. f3 Qc7 31. Ne5 Ne8 32. b4 axb4 33. axb4 f6 34.
Nd3 Qh2+ 35. Nf2 Qc7 36. Nd3 Qh2+ 37. Nf2 Qc7 38. Nd3 1/2-1/2

[Event "4NCL-9899B SL2-SWD"]
[Site "Rd11-Birmingham"]
[Date "1999.05.03"]
[Round "11.5"]
[White "Mashayekh, Majid"]
[Black "Roberts, David L"]
[Result "0-1"]
[WhiteElo "2065"]
[BlackElo "2195"]
[PlyCount "124"]
[EventDate "1999.05.03"]

1. c4 Nf6 2. Nc3 g6 3. g3 Bg7 4. Bg2 d6 5. e4 e5 6. Nge2 Nc6 7. O-O O-O 8. d3
Nh5 9. Nd5 f5 10. exf5 gxf5 11. Nec3 Nf6 12. Bg5 Nd4 13. f4 c6 14. fxe5 dxe5
15. Nxf6+ Bxf6 16. Bh6 Bg7 17. Qh5 Qf6 18. Bg5 Qg6 19. Qxg6 hxg6 20. Rae1 Re8
21. a3 Nb3 22. Re2 Be6 23. Rd1 Rac8 24. Ree1 Rc7 25. Be3 Nd4 26. b4 Nc2 27. Re2
Nxe3 28. Rxe3 f4 29. gxf4 exf4 30. Rxe6 Rxe6 31. Ne4 Bd4+ 32. Kf1 Re5 33. Bh3
g5 34. Bg4 Kg7 35. Kg2 Kg6 36. Kf3 Rh7 37. h3 Rh8 38. Rh1 a5 39. Rb1 axb4 40.
axb4 Ra8 41. Bd7 Re7 42. Bg4 Ra3 43. Ke2 Ra1 44. Rb3 Re8 45. c5 Rea8 46. Kf3
R8a2 47. Nd6 Re1 48. Bf5+ Kh6 49. Bd7 Rf2+ 50. Kg4 Rg2+ 51. Kf5 Re5+ 52. Kf6
Rxc5+ 53. Kf7 Rd5 54. Nf5+ Kh5 55. Be6 Rxf5+ 56. Bxf5 Kh4 57. Rb1 f3 58. Be4
Kxh3 59. b5 cxb5 60. Rxb5 g4 61. Rh5+ Kg3 62. Bxb7 Rh2 0-1

[Event "4NCL-9899B SL2-SWD"]
[Site "Rd11-Birmingham"]
[Date "1999.05.03"]
[Round "11.6"]
[White "Binks, Michael"]
[Black "Crichton, Martin"]
[Result "1/2-1/2"]
[WhiteElo "2118"]
[BlackElo "2030"]
[PlyCount "48"]
[EventDate "1999.05.03"]

1. d4 Nf6 2. Nf3 c5 3. e3 g6 4. Bd3 Bg7 5. c3 d6 6. O-O O-O 7. Nbd2 Nbd7 8. e4
cxd4 9. cxd4 b6 10. Re1 Ne8 11. Nf1 Nc7 12. Ng3 Ba6 13. Bxa6 Nxa6 14. Bd2 Nc7
15. Rc1 Rc8 16. Qa4 Ne6 17. Rxc8 Qxc8 18. Qxa7 Nxd4 19. Nxd4 Bxd4 20. Rc1 Nc5
21. Be3 Bxe3 22. fxe3 Qe6 23. Qxb6 Qxa2 24. Rf1 Qb3 1/2-1/2

[Event "4NCL-9899B SL2-SWD"]
[Site "Rd11-Birmingham"]
[Date "1999.05.03"]
[Round "11.7"]
[White "Armstrong, Malcolm"]
[Black "Blackburn, Jonathan"]
[Result "1/2-1/2"]
[WhiteElo "1976"]
[BlackElo "1840"]
[PlyCount "177"]
[EventDate "1999.05.03"]

1. d4 e6 2. Nf3 Nf6 3. Bg5 b6 4. e4 h6 5. Bxf6 Qxf6 6. Bd3 Bb7 7. O-O Nc6 8. c3
O-O-O 9. b4 g5 10. Nbd2 g4 11. Ne1 h5 12. Nb3 Bh6 13. a4 Rdg8 14. a5 h4 15.
axb6 axb6 16. Qe2 Nb8 17. Nc2 Qg6 18. e5 f5 19. exf6 Qxf6 20. Be4 Bxe4 21. Qxe4
Qg6 22. Qxg6 Rxg6 23. Ra8 Rf8 24. b5 Rgf6 25. Nb4 Kb7 26. Ra2 g3 27. f3 Be3+
28. Kh1 Rg6 29. h3 Bf2 30. Nd2 d6 31. Nd3 Be3 32. Nc4 Bh6 33. Nd2 Nd7 34. Rfa1
Rb8 35. Nb4 Bxd2 36. Rxd2 Ra8 37. Rxa8 Kxa8 38. Nc6 Kb7 39. Ra2 e5 40. Ra7+ Kc8
41. Ne7+ Kb8 42. Nxg6 Kxa7 43. Nxh4 exd4 44. cxd4 Nf6 45. Nf5 Nh5 46. d5 Kb8
47. Ne7 Nf4 48. h4 Kb7 49. Kg1 Kb8 50. Kf1 Kb7 51. Nf5 Nh5 {(Draw offer)} 52.
Ke1 Nf4 53. Ne3 Kc8 54. Kd2 Kd8 55. Kc3 Ke7 56. Kd4 Kf6 57. Ke4 Ne2 58. Nd1 Kg6
59. f4 Kh5 60. f5 Nc1 61. Kf3 Kxh4 62. f6 Nd3 63. Ke4 Ne5 64. Kf5 Kh5 65. Nc3
Kh6 66. Ne4 Ng6 67. Nxg3 Nh4+ 68. Ke6 Nxg2 69. f7 Nf4+ 70. Ke7 Nxd5+ 71. Ke6
Nf4+ 72. Kf5 Ng6 73. Kf6 Nf8 74. Ke7 Ng6+ 75. Ke8 Kg5 76. Kd7 Kf6 77. Kxc7 Kxf7
78. Kxb6 Ne7 {(Draw offer)} 79. Kc7 Ke6 80. Ne2 Nd5+ 81. Kc6 Nb4+ 82. Kb6 Nd5+
83. Kb7 Kd7 84. Ka7 Nb4 85. Nc3 d5 86. b6 Nc6+ 87. Ka8 d4 88. Ne4 Nd8 89. b7
1/2-1/2

[Event "4NCL-9899B SL2-SWD"]
[Site "Rd11-Birmingham"]
[Date "1999.05.03"]
[Round "11.8"]
[White "Blackburn, Suzie"]
[Black "Ghasi, Ameet"]
[Result "0-1"]
[WhiteElo "1272"]
[BlackElo "1848"]
[PlyCount "88"]
[EventDate "1999.05.03"]

1. d4 Nf6 2. e3 g6 3. Bd3 Bg7 4. Nf3 d6 5. O-O O-O 6. Nbd2 Nbd7 7. e4 e5 8.
dxe5 dxe5 9. Re1 Qe7 10. Nb3 h6 11. Bd2 Kh7 12. Bc4 Nb6 13. Bf1 Rd8 14. Qe2 Nh5
15. g3 Be6 16. Bg2 Nc4 17. Bc3 c6 18. Rad1 b5 19. a3 c5 20. Na5 Qc7 21. Nxc4
Bxc4 22. Qe3 a5 23. b3 Be6 24. Bb2 c4 25. Rb1 Rac8 26. Rec1 c3 27. Ba1 Bf8 28.
b4 axb4 29. axb4 Ba2 30. Bxc3 Qxc3 31. Qxc3 Rxc3 32. Ra1 Be6 33. Nxe5 Bxb4 34.
Ra6 Ba3 35. Ra1 b4 36. Ra7 Kg7 37. Rb7 Rxc2 38. Nf3 Bb2 39. Raa7 Rc1+ 40. Bf1
Bh3 41. Rxf7+ Kg8 42. Rf8+ Kxf8 43. Nd2 Rxd2 44. Ra8+ Ke7 0-1

[Event "4NCL-9899B WIT-GD"]
[Site "Rd11-Birmingham"]
[Date "1999.05.03"]
[Round "11.1"]
[White "Devereaux, Maxim"]
[Black "Varley, Peter"]
[Result "1/2-1/2"]
[WhiteElo "2220"]
[BlackElo "2273"]
[PlyCount "22"]
[EventDate "1999.05.03"]

1. e4 e5 2. Nf3 Nc6 3. Bb5 d6 4. d4 Bd7 5. Nc3 exd4 6. Nxd4 g6 7. O-O Bg7 8.
Bxc6 bxc6 9. Be3 Nf6 10. Qd2 O-O 11. Rad1 Re8 1/2-1/2

[Event "4NCL-9899B WIT-GD"]
[Site "Rd11-Birmingham"]
[Date "1999.05.03"]
[Round "11.2"]
[White "Heymann, Ulrike"]
[Black "Headlong, Tim"]
[Result "1/2-1/2"]
[WhiteElo "2156"]
[BlackElo "2270"]
[PlyCount "42"]
[EventDate "1999.05.03"]

1. e4 c5 2. Nf3 Nc6 3. d4 cxd4 4. Nxd4 g6 5. Nc3 Bg7 6. Be3 Nf6 7. Bc4 Qa5 8.
O-O O-O 9. Nb3 Qc7 10. f4 d6 11. Be2 b6 12. Bf3 Bb7 13. a4 Na5 14. Nxa5 bxa5
15. Rc1 Bc6 16. b3 Rfd8 17. Nd5 Qb7 18. Re1 e6 19. Nxf6+ Bxf6 20. Bd4 Bxd4+ 21.
Qxd4 Qb6 1/2-1/2

[Event "4NCL-9899B WIT-GD"]
[Site "Rd11-Birmingham"]
[Date "1999.05.03"]
[Round "11.3"]
[White "Cooksey, Paul"]
[Black "Borg, Andy"]
[Result "1/2-1/2"]
[WhiteElo "2220"]
[BlackElo "2151"]
[PlyCount "48"]
[EventDate "1999.05.03"]

1. d4 d5 2. c4 e6 3. Nc3 c6 4. Nf3 dxc4 5. e3 b5 6. a4 Bb4 7. Bd2 a5 8. axb5
Bxc3 9. Bxc3 cxb5 10. b3 Bb7 11. bxc4 b4 12. Bb2 Nf6 13. Bd3 Nbd7 14. O-O O-O
15. Re1 Re8 16. e4 e5 17. c5 exd4 18. Bb5 Bxe4 19. Qxd4 Bxf3 20. gxf3 Rxe1+ 21.
Rxe1 Nf8 22. Qc4 Ne6 23. Be5 Qd2 24. Kf1 Ng5 1/2-1/2

[Event "4NCL-9899B WIT-GD"]
[Site "Rd11-Birmingham"]
[Date "1999.05.03"]
[Round "11.4"]
[White "Saunders, W Nigel"]
[Black "Haydon, Richard"]
[Result "1-0"]
[WhiteElo "2157"]
[BlackElo "2200"]
[PlyCount "79"]
[EventDate "1999.05.03"]

1. Nf3 g6 2. c4 Bg7 3. Nc3 d6 4. e4 Nf6 5. d3 O-O 6. Be2 Nc6 7. O-O e5 8. Bg5
h6 9. Bh4 g5 10. Bg3 Nd7 11. Nd2 Nc5 12. Rb1 a5 13. b3 Nd4 14. a3 f5 15. f3 h5
16. Bf2 Nce6 17. Re1 f4 18. b4 axb4 19. axb4 Rf6 20. Nb3 Rg6 21. c5 g4 22. fxg4
hxg4 23. Nxd4 exd4 24. Nd5 g3 25. Bxg3 fxg3 26. cxd6 gxh2+ 27. Kh1 Qxd6 28. Bh5
Rg3 29. Rf1 Ng5 30. Nf4 Be5 31. Qb3+ Kg7 32. Ne2 Re3 33. Rbc1 Be6 34. Qc2 Ra2
35. Qc5 Rxd3 36. Qb5 Rc3 37. Nxc3 dxc3 38. Rxc3 Nxe4 39. Rcf3 Nf2+ 40. R3xf2
1-0

[Event "4NCL-9899B WIT-GD"]
[Site "Rd11-Birmingham"]
[Date "1999.05.03"]
[Round "11.5"]
[White "Dickinson, Tim"]
[Black "Adams, Mark"]
[Result "1-0"]
[WhiteElo "2155"]
[BlackElo "2035"]
[PlyCount "87"]
[EventDate "1999.05.03"]

1. e4 c5 2. Ne2 d6 3. c3 Nc6 4. d4 cxd4 5. cxd4 e6 6. Nbc3 Nf6 7. f3 Be7 8. Be3
Bd7 9. Qd2 Rc8 10. g4 h6 11. Ng3 Na5 12. Kf2 Nc4 13. Bxc4 Rxc4 14. Rac1 Ng8 15.
Qd3 Rc8 16. Rhd1 Bh4 17. e5 Rxc3 18. Qxc3 Bc6 19. Qa3 h5 20. d5 exd5 21. exd6
hxg4 22. Re1 Kf8 23. d7+ Be7 24. Bc5 Bxd7 25. Rxe7 Nxe7 26. Re1 Be6 27. Nf5 Qc7
28. Nxe7 Rxh2+ 29. Kf1 Rh1+ 30. Ke2 gxf3+ 31. Kd3 Qh2 32. Bg1 Rxg1 33. Ng6+ Kg8
34. Qf8+ Kh7 35. Qh8+ Kxg6 36. Qxh2 Rg2 37. Qd6 Kh5 38. Qf4 Bg4 39. Re5+ Kh4
40. Re8 Kh5 41. Qxf7+ Kh4 42. Qf4 Kh5 43. Re5+ Kg6 44. Rg5+ 1-0

[Event "4NCL-9899B WIT-GD"]
[Site "Rd11-Birmingham"]
[Date "1999.05.03"]
[Round "11.6"]
[White "Walden-Jones, Andrew"]
[Black "Hackett, David"]
[Result "1-0"]
[WhiteElo "2090"]
[BlackElo "2220"]
[PlyCount "133"]
[EventDate "1999.05.03"]

1. e4 e6 2. d4 d5 3. exd5 exd5 4. c3 Bd6 5. Nf3 Ne7 6. Be2 O-O 7. O-O Ng6 8.
Re1 Nd7 9. b3 Nf6 10. Bb2 Ne4 11. Bf1 Nh4 12. g3 Qf6 13. Re3 Bf4 14. Rxe4 dxe4
15. Nxh4 e3 16. Qf3 exf2+ 17. Kxf2 Bg5 18. Qxf6 Bxf6 19. Nf3 Re8 20. Bd3 Bg4
21. Nbd2 h6 22. Re1 Rxe1 23. Kxe1 Rd8 24. Be4 c6 25. Kf2 Be6 26. Ke3 Re8 27. c4
Bd8 28. Kf2 Ba5 29. a3 Bg4 30. b4 Bb6 31. Bd3 a5 32. c5 Bc7 33. b5 cxb5 34.
Bxb5 Rd8 35. Nc4 Be6 36. Nfd2 Bd5 37. Bc3 a4 38. Ne3 Bc6 39. Bc4 Ra8 40. d5 Bd7
41. Nc2 Ba5 42. Bb4 Bxb4 43. axb4 a3 44. Ba2 Ra4 45. Nc4 Bf5 46. N4e3 Bd7 47.
Kf3 Kf8 48. Ke4 Ra8 49. Ke5 Ke7 50. Nc4 f6+ 51. Kd4 f5 52. Ke5 Rf8 53. Nd6 g5
54. Nxb7 f4 55. c6 Bxc6 56. dxc6 fxg3 57. hxg3 Rf2 58. Nxa3 Rxa2 59. Nb5 h5 60.
c7 Kd7 61. N7d6 Rc2 62. Kf5 h4 63. gxh4 gxh4 64. Kg4 Rxc7 65. Nxc7 Kxd6 66.
Nb5+ Kd5 67. Nc3+ 1-0

[Event "4NCL-9899B WIT-GD"]
[Site "Rd11-Birmingham"]
[Date "1999.05.03"]
[Round "11.7"]
[White "Elliott, Sean"]
[Black "Vaughan, David"]
[Result "1/2-1/2"]
[WhiteElo "2032"]
[BlackElo "2065"]
[PlyCount "34"]
[EventDate "1999.05.03"]

1. e4 Nf6 2. e5 Nd5 3. d4 d6 4. Nf3 Bg4 5. Be2 e6 6. O-O Be7 7. h3 Bxf3 8. Bxf3
c6 9. c4 Nc7 10. Qe2 d5 11. Nc3 Nd7 12. b3 O-O 13. Bb2 a6 14. g3 f6 15. cxd5
cxd5 16. exf6 Rxf6 17. Bg2 Bd6 1/2-1/2

[Event "4NCL-9899B WIT-GD"]
[Site "Rd11-Birmingham"]
[Date "1999.05.03"]
[Round "11.8"]
[White "Batey, Richard"]
[Black "Smith, Lucy"]
[Result "1/2-1/2"]
[WhiteElo "2057"]
[BlackElo "1616"]
[PlyCount "103"]
[EventDate "1999.05.03"]

1. e4 c5 2. Nf3 d6 3. Bb5+ Bd7 4. Bxd7+ Nxd7 5. O-O Ngf6 6. Re1 e5 7. c4 Be7 8.
Nc3 Nb6 9. d3 O-O 10. Nd2 Qd7 11. Nf1 Rfe8 12. f4 Qg4 13. fxe5 Qxd1 14. Rxd1
dxe5 15. Ne3 g6 16. Rf1 Kg7 17. Bd2 Rac8 18. Rf3 Rf8 19. Raf1 Nbd7 20. Rh3 h5
21. Rg3 Kh7 22. Rgf3 Kg7 23. b3 a6 24. Be1 Nh7 25. Ncd5 Bd8 26. Bc3 f6 27. Rg3
Kf7 28. Rgf3 Kg7 29. Rg3 Kf7 30. Bd2 Rc6 31. Nd1 b6 32. N1c3 Kg7 33. Rgf3 Rf7
34. Be3 Ndf8 35. R3f2 Ne6 36. Rb2 f5 37. g3 Bg5 38. Bxg5 Nexg5 39. Kg2 fxe4 40.
Rxf7+ Kxf7 41. Rf2+ Kg7 42. Nxe4 Nxe4 43. dxe4 Nf6 44. Nxf6 Rxf6 45. Rd2 Re6
46. Kf2 Kf6 47. Ke3 Ke7 48. Rd5 Kf6 49. Rd8 Ke7 50. Rd5 Kf6 51. h3 Ke7 52. a3
1/2-1/2

[Event "4NCL/Div1/AD-BARB1"]
[Site "Rd1-Birmingham"]
[Date "1999.10.09"]
[Round "1.1"]
[White "Mestel, Jonathan"]
[Black "Pert, Nick"]
[Result "1/2-1/2"]
[WhiteElo "2479"]
[BlackElo "2425"]
[PlyCount "61"]
[EventDate "1999.10.09"]
[SourceDate "2000.01.01"]

1. c4 e5 2. Nc3 Bb4 3. g3 Bxc3 4. bxc3 d6 5. Bg2 Nc6 6. d3 f5 7. Nf3 Nf6 8. O-O
O-O 9. Rb1 Qe8 10. Ne1 b6 11. Nc2 Bd7 12. f3 Qg6 13. f4 e4 14. Ne3 Ne7 15. Nd5
Nexd5 16. cxd5 Rae8 17. c4 Re7 18. Bb2 Ng4 19. Qd2 Qh5 20. h3 Nf2 21. Rxf2 e3
22. Qc2 Ba4 23. Qxa4 exf2+ 24. Kxf2 Rxe2+ 25. Kg1 Rxg2+ 26. Kxg2 Qe2+ 27. Kh1
Qf3+ 28. Kh2 Qf2+ 29. Kh1 Qf3+ 30. Kh2 Qf2+ 31. Kh1 1/2-1/2